Staudenmaier, Johannes
| Titel: | Staudenmaier, Johannes |
|---|---|
| In: |
Jahrbuch für Regionalgeschichte, Band 32 (2014), Seite 158-160 alle Artikel anzeigen |
| Veröffentlicht: | 2014 |
| Format: | Aufsatz |
| Sprache: | Deutsch |
X
alg: 39514790 001A $01999:12-11-16 001B $01999:09-08-21 $t17:41:04.000 001C $06050:19-11-16 $t08:29:49.000 001D $01999:12-11-16 001U $0utf8 001X $00 002@ $0Aox 003@ $0395147905 007A $0395147905 $aHEB 007T $0Herdc0110277m 010@ $ager 011@ $a2014 013D $#Newspapers Sections, columns, etc. Reviews $#Book reviewing $#Journaux Cahiers, chroniques, etc. Comptes rendus $#Livres Recension $#Rezension $#Buchbesprechung $#Buchrezension $#Buchkritik $74049712-4 $8Rezension [Ts1] $9085138568 021A $aStaudenmaier, Johannes 031A $d32 $h158-160 $j2014 039B $aIn $8--Abvc--. Jahrbuch für Regionalgeschichte. - Stuttgart : Steiner, 1965-. - ISSN 1860-8248 $x201400000320000842 $9046840451 039T $8--Aau--Jahn, Peter Milan [Tp3]. Vom Roboter zum Schulpropheten Hanso Nepila (1766-1856). - Bautzen : Domowina-Verl., 2010. - 844 S.. - ISBN 978-3-7420-2175-5 $9229298281 045F $a900.94385 $eDDC23BSB 045F/01 $a900 045F/03 $g4385 045T $a8,1 lok: 39514790 78 exp: 39514790 78 1 #EPN 201B/01 $018-11-16 $t13:53:33.000 201U/01 $0utf8 203@/01 $0791446638 208@/01 $a12-11-16 $be 209A/01 $a/ $f000 $x00 220C/01 $aTitelaufnehmer: pg 220C/01 $aHerkunft: HI Marburg 244Z/01 $2Trx $#Silesia $#Śląsk $#Sliezsko $#Slezsko $8--Trx--Schlesien $x01 $9391173987 244Z/01 $2Trx $#Germania Slavica $#"Germania Slavica" $#Germania Slavica $#Germania Slavica $#Germania Slavica $#Germania Slavica $#Germania Slavica $8--Trx--Germania Slavica $x02 $9391371002 244Z/01 $2Trx $#arvustused $#recenzijos $#Reviews $#recenziók $#recenzje $#recenzie $#recenze $8--Trx--Rezensionen $x03 $9391357441 247C/01 $82080>Marburg/Lahn, Herder-Institut, Forschungsbibliothek, Bibliographieportal $9336309341
| LEADER | 00000caa a22000002c 4500 | ||
|---|---|---|---|
| 001 | 395147905 | ||
| 003 | DE-603 | ||
| 005 | 20210809174104.0 | ||
| 007 | tu | ||
| 008 | 161112s2014 xx |||| | u00||u|ger c | ||
| 035 | |a (DE-599)HEB395147905 | ||
| 040 | |a DE-603 |b ger |c DE-603 |d DE-603 | ||
| 041 | |a ger | ||
| 082 | 0 | 4 | |8 1\u |a 900.94385 |q DE-101 |2 23/BSB |
| 084 | |a 8,1 |2 ssgn | ||
| 085 | |8 1\u |b 900 | ||
| 085 | |8 1\u |z 2 |s 4385 | ||
| 245 | 0 | 0 | |a Staudenmaier, Johannes |
| 264 | 0 | |c 2014 | |
| 655 | 7 | |a Rezension |2 gnd-content |0 (DE-588)4049712-4 |0 (DE-603)085138568 | |
| 773 | 0 | 8 | |i In |t Jahrbuch für Regionalgeschichte |d Stuttgart : Steiner, 1965- |x 1860-8248 |g Band 32 (2014), Seite 158-160 |w (DE-603)046840451 |w (DE-600)2629-3 |
| 787 | 0 | 8 | |i Rezension von |a Jahn, Peter Milan |t Vom Roboter zum Schulpropheten Hanso Nepila (1766-1856) |d Bautzen : Domowina-Verl., 2010 |h 844 S. |z 9783742021755 |w (DE-603)229298281 |
| 924 | 0 | |9 2080 |a (DE-603)791446638 |b DE-2080 |c HES |d d |g / | |


